Antenna & Wave Propagation (Record no. 5117)

MARC details
000 -LEADER
fixed length control field 00402nam a22001697a 4500
005 - DATE AND TIME OF LATEST TRANSACTION
control field 20170825171756.0
008 - FIXED-LENGTH DATA ELEMENTS--GENERAL INFORMATION
fixed length control field 160701b xxu||||| |||| 00| 0 eng d
020 ## - INTERNATIONAL STANDARD BOOK NUMBER
ISBN 81-7684-025-4
041 ## - LANGUAGE CODE
Language code of text/sound track or separate title eng
082 ## - DEWEY DECIMAL CLASSIFICATION NUMBER
Item number 20726
100 ## - MAIN ENTRY--AUTHOR NAME
Personal name prasad kd
245 ## - TITLE STATEMENT
Title Antenna & Wave Propagation
260 ## - PUBLICATION, DISTRIBUTION, ETC. (IMPRINT)
Name of publisher Satya prakash
Year of publication 2012-13
300 ## - PHYSICAL DESCRIPTION
Number of Pages 1282
650 ## - SUBJECT ADDED ENTRY--TOPICAL TERM
Topical Term Diploma Engineering
942 ## - ADDED ENTRY ELEMENTS (KOHA)
Koha item type Books
Holdings
Lost status Damaged status Home library Current library Shelving location Date acquired Cost, normal purchase price Full call number Accession Number Koha item type
    JRU Library   SHELF-38-N 01/07/2016 500.00 20726 20726 Books
    JRU Library   SHELF-38-N 01/07/2016 500.00 20726 20727 Books
    JRU Library   SHELF-38-N 01/07/2016 500.00 20726 20728 Books
    JRU Library   SHELF-38-N 01/07/2016 500.00 20726 20729 Books